000 01352nam a2200241 i 4500
001 157195
003 ES-MaACL
005 20250719062539.0
008 940202s1877 sp |||| | spa d
100 1 _aLastres y Juiz, Francisco,
_d1848-1918
_970504
245 1 3 _aLa cárcel de Madrid
_b: 1572-1877 /
_cFrancisco Lastres.
260 _aMadrid :
_b[s.n.],
_c1877 (
_fTip. de la Revista Contemporánea)
300 _a80 p. ;
_c20 cm.
530 _aDisponible en formato digital.
650 4 _aEstablecimientos penitenciarios-
_zMadrid.
_9143330
852 _aES-MaACL
_jT-274-F-11
_xEncuadrnación holandesa
_qFalto de cubierta original
_zEncuadernado con otras obras formnado un volumen facticio
_9162996
_hDonación: Francisco Lastres y Juiz
_gDedicatoria autógrafa del autor
_cDEPOF
852 _aES-MaACL
_jD-261(9)
_bR.FOLL.10/9
_cSVI
_hDonación: Francisco Lastres y Juiz
_xEncuadernación holandesa
_xEncuadernado con otras obras formando un volumen facticio
_9162995
_dOlim: 193-C-17
856 _uhttps://bibliotecavirtualmadrid.comunidad.madrid/bvmadrid_publicacion/es/consulta/registro.do?id=1899
_yVersión en línea
_zBiblioteca Digital de la Comunidad de Madrid
903 _aLastres y Juiz, Francisco,
_d1848-1918
_q1
_ednr
_970504
942 _2udc
_cFOLLETOS
999 _c157195
_d157195